000 00653nam a2200229Ia 4500
005 20241129104233.0
008 241129s9999||||xx |||||||||||||| ||und||
020 _a9780367532970
037 _aTextual
040 _aRTL
_beng
_cRTL
041 _aeng
_2eng
084 _aX:51 R1
_qRTL
100 _aBrown David M.
_9725371
245 0 _aInternal marketing: Theories perspectives and stakeholders
_cBrown David M.
260 _aLondon
_bRoutledge
_c2021
300 _aviii,137p.
365 _aINR
_b4286.12
490 _aRoutledge Studies in Marketing
650 _aMarketing
942 _cTB
_hX:51 R1
999 _c1225008
_d1225008